[Event "III Dolnoslaska Liga Szachowa 2017/2018"]
[Site "Dolny Slask"]
[Date "1899-12-30"]
[Round "4.21"]
[White "Daniel, Damian"]
[Black "Kossobudzki, Robert"]
[Result "0-1"]
[WhiteTitle "I++"]
[BlackTitle "I"]
[WhiteElo "2094"]
[BlackElo "2103"]

1. d4 b5 2. Nf3 Bb7 3. Bg5 Nf6 4. Bxf6 gxf6 5. e3 a6 6. c4 bxc4 7. Bxc4 e6 8. Nc3
d5 9. Bd3 c5 10. O-O Nd7 11. Rc1 Bd6 12. e4 cxd4 13. Nxd4 Nc5 14. exd5 f5 15.
Bxf5 Qg5 16. Bh3 Rg8 17. b4 Qh4 18. Qf3 Na4 19. Ne4 Bf4 20. dxe6 Bxe4 21. exf7+
Kxf7 22. Rc7+ Kf6 23. Rc6+ Kf7 24. Rc7+ Kf6 25. Rc6+ Kf7 26. Be6+ Kf8 27. Bxg8
Qxh2# 0-1

[Event "III Dolnoslaska Liga Szachowa 2017/2018"]
[Site "Dolny Slask"]
[Date "1899-12-30"]
[Round "4.22"]
[White "Grzesik, Norbert"]
[Black "Kowalczuk, Wojciech"]
[Result "1/2-1/2"]
[WhiteTitle "I+"]
[BlackTitle "k"]
[WhiteElo "1989"]
[BlackElo "2043"]

1. e4 e5 2. Nf3 Nf6 3. Nxe5 d6 4. Nf3 Nxe4 5. Nc3 Nxc3 6. dxc3 Nc6 7. Bf4 Bg4 8.
Qd2 Bxf3 9. gxf3 Qe7+ 10. Be3 O-O-O 11. O-O-O Qe6 12. Kb1 Be7 13. f4 f5 14. Bg2
Bf6 15. Qd3 Qd7 16. Qb5 a6 17. Qb3 g6 18. c4 Rhe8 19. c5 Na5 20. Qd3 dxc5 21.
Qxd7+ Rxd7 22. Rxd7 Kxd7 23. Bxc5 b6 24. Rd1+ Kc8 25. Be3 Nc4 26. Bc1 Nd6 27.
Be3 Ne4 28. c3 b5 29. Kc2 Bh4 30. Bxe4 Rxe4 31. Rd4 Rxd4 32. Bxd4 Kd7 33. Kd3
Be7 34. a3 Bd6 35. Be3 Ke6 36. Bc1 Kd5 37. b3 Bc5 38. f3 Bg1 39. h3 a5 40. Bd2
a4 41. bxa4 bxa4 42. c4+ Ke6 43. Kc2 Bc5 44. Bc1 Bd4 45. Kd3 Ba1 46. Ke3 Bf6 47.
Kd3 1/2-1/2

[Event "III Dolnoslaska Liga Szachowa 2017/2018"]
[Site "Dolny Slask"]
[Date "1899-12-30"]
[Round "4.23"]
[White "Szmyd, Marek"]
[Black "Sitek, Pawel"]
[Result "1-0"]
[WhiteTitle "k"]
[BlackTitle "II"]
[WhiteElo "1940"]
[BlackElo "1713"]

1. b3 d5 2. Bb2 c5 3. e3 Nc6 4. f4 Nf6 5. Nf3 g6 6. g3 Bg7 7. Bg2 Bf5 8. d3 O-O
9. O-O Ng4 10. Bxg7 Kxg7 11. Qe2 d4 12. e4 Bd7 13. Rc1 Qb6 14. Nbd2 Ne3 15. Nc4
Nxc4 16. bxc4 Qa5 17. e5 Rab8 18. Nd2 Bg4 19. Qf2 Qc7 20. a4 f6 21. exf6+ exf6
22. Ne4 Nb4 23. h3 Bf5 24. g4 Bxe4 25. Bxe4 g5 26. f5 Rfe8 27. Qh2 Qd7 28. a5
Nc6 29. Kf2 Ne5 30. Qg2 Qe7 31. Re1 b6 32. a6 Qd6 33. Bd5 b5 34. cxb5 Rxb5 35.
Bc6 Rb2 36. Bxe8 Rxc2+ 37. Re2 Nxd3+ 38. Kg1 Nf4 39. Qb7+ Kh8 40. Rxc2 Nxh3+ 41.
Kh1 Qg3 42. Bg6 hxg6 43. fxg6 1-0

[Event "III Dolnoslaska Liga Szachowa 2017/2018"]
[Site "Dolny Slask"]
[Date "1899-12-30"]
[Round "4.24"]
[White "Zydorczak, Marek"]
[Black "Borowski, Przemyslaw"]
[Result "0-1"]
[WhiteTitle "II"]
[BlackTitle "I"]
[WhiteElo "1532"]
[BlackElo "1797"]

1. e4 c6 2. d4 d5 3. exd5 cxd5 4. Bd3 Nc6 5. c3 Qc7 6. Bg5 Nf6 7. h3 e5 8. dxe5
Ne4 9. Nf3 Nxg5 10. Nxg5 Qxe5+ 11. Qe2 Qxe2+ 12. Bxe2 Be7 13. Nf3 Bf5 14. Nbd2
O-O-O 15. Nb3 Rhe8 16. O-O-O Bd6 17. Bd3 Bxd3 18. Rxd3 Re2 19. Rf1 a5 20. Nbd4
Nxd4 21. Nxd4 Bf4+ 22. Kb1 Re4 23. g3 Bc7 24. Rfd1 Bb6 25. f3 Re5 26. f4 Re4 27.
R1d2 Kc7 28. Nc2 Kc6 29. Nd4+ Bxd4 30. Rxd4 Rxd4 31. Rxd4 Re8 32. Kc2 Re1 33.
Rd1 Rxd1 34. Kxd1 d4 35. Kd2 Kd5 36. Kd3 dxc3 37. bxc3 b5 38. g4 h6 39. h4 f5
40. gxf5 h5 41. a3 a4 42. f6 gxf6 43. f5 Ke5 44. c4 bxc4+ 45. Kxc4 Kxf5 46. Kb4
Kg4 47. Kxa4 0-1

[Event "III Dolnoslaska Liga Szachowa 2017/2018"]
[Site "Dolny Slask"]
[Date "1899-12-30"]
[Round "4.25"]
[White "Czaplewska, Klara"]
[Black "Skiba, Aleksandra"]
[Result "1-0"]
[WhiteTitle "k+"]
[BlackTitle "I+"]
[WhiteElo "1897"]
[BlackElo "1747"]

1. d4 Nf6 2. g3 g6 3. Bg2 Bg7 4. e4 d6 5. Nc3 O-O 6. Nge2 Nbd7 7. h3 e5 8. Be3
c6 9. O-O Qe7 10. f4 Re8 11. g4 exd4 12. Bxd4 Nf8 13. Qd2 Ne6 14. Bf2 Nc5 15.
Ng3 Nfd7 16. Rad1 Bf8 17. Rfe1 Nb6 18. Bxc5 dxc5 19. e5 Be6 20. Nce4 Rad8 21.
Qf2 Bd5 22. Nd6 Bxg2 23. Kxg2 Nd5 24. c4 Nb6 25. Qxc5 Qe6 26. Nge4 Nd7 27. Qd4
b6 28. Nb7 Be7 29. Nxd8 Rxd8 30. Nd6 Nc5 31. b3 h6 32. Qf2 Rf8 33. f5 gxf5 34.
gxf5 Qd7 35. f6 Kh7 36. Qc2+ Kg8 37. Nxf7 Qe6 38. Qg6# 1-0

[Event "III Dolnoslaska Liga Szachowa 2017/2018"]
[Site "Dolny Slask"]
[Date "1899-12-30"]
[Round "4.26"]
[White "Laszewicz, Pawel"]
[Black "Komendecki, Jacek"]
[Result "1-0"]
[WhiteTitle "k"]
[BlackTitle "I++"]
[WhiteElo "2077"]
[BlackElo "2111"]

1. c4 e5 2. g3 c6 3. Nf3 e4 4. Nd4 d5 5. cxd5 cxd5 6. Nc3 Nc6 7. Nxc6 bxc6 8. d3
exd3 9. Qxd3 Nf6 10. Bg2 Bc5 11. O-O O-O 12. Na4 Be7 13. Be3 Qa5 14. b3 Ba6 15.
Qc2 Bb5 16. Nc3 Rac8 17. Bh3 Rc7 18. Rfd1 Rd8 19. a3 c5 20. Rac1 Bc6 21. Nb1 d4
22. b4 Qa6 23. Bf4 Rb7 24. bxc5 Ba4 25. Qd3 Bb5 26. Qc2 Bxe2 27. Bf1 Bxf1 28.
c6 Rb6 29. c7 Rc8 30. Rxf1 Nd5 31. Qf5 Nxf4 32. Qxf4 d3 33. Rfd1 Rc6 34. Rxc6
Qxc6 35. Rxd3 Rxc7 36. Rc3 Qxc3 37. Nxc3 Rxc3 38. Qb8+ Bf8 39. Qxa7 Rxa3 40. Qb8
g6 41. h4 h5 42. Qc8 Kg7 43. g4 hxg4 44. Qxg4 Ra5 45. Qd4+ Kg8 46. Qd8 Rf5 47.
Kg2 Kg7 48. f3 Bc5 49. Qd3 Be7 50. Qc3+ Bf6 51. Qc4 Rh5 52. Kf2 Rxh4 53. Qc7 Bd4+
54. Ke2 Rh5 55. Kd3 Bf6 56. Ke2 Rb5 57. Qc4 Rb2+ 58. Kf1 Be5 59. Qe4 Bf6 60. Qc4
Rd2 61. Ke1 Rd4 62. Qc5 Rf4 63. Ke2 Rf5 64. Qc4 Be5 65. Qd5 Rh5 66. Kd3 Bf6 67.
Qc6 Re5 68. Qd6 Re6 69. Qf4 Be5 70. Qh4 f6 71. Qc4 Re7 72. Qc6 f5 73. Qc5 Bf6
74. Qd6 Bg5 75. Qg3 Bh6 76. Kd4 Rd7+ 77. Kc5 Be3+ 78. Kc6 Re7 79. Kd6 f4 80. Qg5
Ra7 81. Qb5 Rf7 82. Qe5+ Kh7 83. Ke6 Ra7 84. Kf6 Rd7 85. Qe6 Rg7 86. Qh3+ Kg8
87. Qc8+ Kh7 88. Qd8 Bf2 89. Kg5 Be3 90. Qc8 Rf7 91. Qh3+ Kg8 92. Qe6 Kf8 93.
Qd6+ Kg8 94. Kxg6 Rg7+ 95. Kf6 Rf7+ 96. Ke6 Ra7 97. Qd8+ Kh7 98. Qd3+ Kg7 99.
Kf5 Ra5+ 100. Kg4 Rc5 101. Qd7+ Kf6 102. Qd6+ Kf7 103. Kh4 Kg7 104. Qe6 Kf8 105.
Qd7 Bf2+ 106. Kh3 Be3 107. Kg4 Rc1 1-0

[Event "III Dolnoslaska Liga Szachowa 2017/2018"]
[Site "Dolny Slask"]
[Date "1899-12-30"]
[Round "4.27"]
[White "Krawiec, Grzegorz"]
[Black "Siembab, Bartosz"]
[Result "0-1"]
[WhiteTitle "I"]
[BlackTitle "k++"]
[WhiteElo "1714"]
[BlackElo "2252"]

1. e4 c5 2. Nf3 e6 3. d4 cxd4 4. Nxd4 a6 5. g3 d6 6. Bg2 Nf6 7. c4 Be7 8. O-O O-O
9. b3 Qc7 10. Bb2 Nc6 11. Ne2 Bd7 12. Nf4 Rfd8 13. Nc3 Rac8 14. Rc1 Qb8 15. Qe2
Ne5 16. a4 Bc6 17. Rfd1 Qa7 18. Ba3 Qb6 19. Qc2 Qa7 20. Nd3 Ng6 21. e5 dxe5 22.
Bxe7 Nxe7 23. Nxe5 Bxg2 24. Kxg2 Qc5 25. Rxd8+ Rxd8 26. Rd1 Rc8 27. Nf3 Qc6 28.
Qe2 h6 29. Kg1 Qb6 30. Ne4 Nxe4 31. Qxe4 Qxb3 32. Rd7 Nc6 33. Qf4 Rf8 34. c5 e5
35. Nxe5 Qe6 36. Nxc6 Qxd7 37. Na5 Rc8 38. Qb4 Qd1+ 39. Kg2 Qd5+ 40. Kh3 Rxc5
41. Nxb7 Rc2 42. Qb6 Qe6+ 0-1

[Event "III Dolnoslaska Liga Szachowa 2017/2018"]
[Site "Dolny Slask"]
[Date "1899-12-30"]
[Round "4.28"]
[White "Machlowski, Slawomir"]
[Black "Lewandowski, Wiktor"]
[Result "1/2-1/2"]
[WhiteTitle "I+"]
[BlackTitle "II"]
[WhiteElo "2137"]
[BlackElo "1490"]

1. g3 c5 2. c4 Nc6 3. Bg2 e5 4. Nc3 g6 5. e3 Bg7 6. Nge2 Nge7 7. O-O O-O 8. a3
d6 9. Rb1 a5 10. Nd5 Rb8 11. Nec3 Be6 12. d3 Kh8 13. b4 axb4 14. axb4 Bxd5 15.
Nxd5 Nxd5 16. Bxd5 Nxb4 17. Bg2 b5 18. Rb3 bxc4 19. dxc4 Qc7 20. Bd2 Nc6 21. Ra3
h6 22. Bc3 Nb4 23. Qa1 Nc2 24. Ra7 Nxa1 25. Rxc7 Nc2 26. Rc1 Nb4 27. Rd1 Rbd8
28. Rb7 f5 29. e4 Nc2 30. Ba5 Rb8 31. exf5 Rxb7 32. Bxb7 gxf5 33. Rxd6 Nd4 34.
Rd7 e4 35. g4 fxg4 36. Bxe4 Nf3+ 37. Kg2 Ng5 38. Bg6 Bd4 39. Kg3 Rf6 40. Be8 Rf8
1/2-1/2

[Event "III Dolnoslaska Liga Szachowa 2017/2018"]
[Site "Dolny Slask"]
[Date "1899-12-30"]
[Round "4.29"]
[White "Malecki, Mateusz"]
[Black "Szczesniak, Konrad"]
[Result "1/2-1/2"]
[WhiteTitle "II"]
[BlackTitle "k"]
[WhiteElo "1598"]
[BlackElo "2101"]

1. e4 c5 2. Nf3 Nc6 3. d4 cxd4 4. Nxd4 Nf6 5. Nc3 e5 6. Ndb5 d6 7. Bg5 a6 8. Na3
b5 9. Nd5 Be7 10. Bxf6 Bxf6 11. c3 O-O 12. Nc2 Rb8 13. Nce3 Bg5 14. Bd3 Bxe3 15.
Nxe3 b4 16. Qa4 Bd7 17. Qc2 Qa5 18. O-O Rfc8 19. c4 Nd4 20. Qd2 Be6 21. b3 Qd8
22. Nc2 Nc6 23. Rfd1 Qh4 24. Qe3 a5 25. Be2 Qe7 26. Rd3 f5 27. Rad1 Rd8 28. Qd2
fxe4 29. Rxd6 Nd4 30. Rxd8+ Rxd8 31. Nxd4 exd4 32. f3 e3 33. Qb2 Qh4 34. Bd3 Qf6
35. Qc2 g6 36. c5 Kg7 37. c6 Qe5 38. Rc1 Bf5 39. c7 Rc8 40. Bxf5 Qxf5 41. Qe2
Kf8 42. h3 Qe5 43. Qa6 Rxc7 44. Rxc7 Qxc7 45. Qf6+ Ke8 46. Qxd4 Qc1+ 47. Kh2 Qd2
48. Qh8+ Kf7 49. Qxh7+ Kf6 50. Qh8+ Ke6 51. Qg8+ Ke5 52. Qg7+ Kd5 53. Qd7+ Kc5
54. Qa7+ Kc6 55. Qa8+ Kd7 56. Qb7+ Ke6 57. Qc8+ Ke5 58. Qc5+ Ke6 59. Qc8+ Kf6
60. Qh8+ Ke7 61. Qg7+ Kd8 62. Qg8+ Kc7 63. Qf7+ Kd6 64. Qf6+ Kc5 65. Qe5+ Kc6
66. Qe8+ Kd6 67. Qd8+ Ke5 68. Qh8+ Kd5 69. Qd8+ Kc5 70. Qc7+ Kd4 71. Qc4+ Ke5
72. Qc5+ Ke6 73. Qc8+ Kf7 74. Qc7+ Kf6 75. Qf4+ Ke6 76. Qe4+ Kd6 77. Qf4+ Kd7
78. Qf7+ Kd6 79. Qf4+ Kc6 80. Qc4+ Kb6 81. Qe6+ Kc7 82. Qe7+ Kc6 83. Qe4+ Kd7
84. Qg4+ Kc7 85. Qc4+ Kd6 86. Qf4+ Ke6 87. Qe4+ Kd7 88. Qg4+ Kc7 89. Qc4+ Kb6
90. Qe6+ Kb7 91. Qe7+ Kc6 92. Qe8+ Kc7 93. Qf7+ Kd6 94. Qf4+ Ke7 95. Qc7+ Ke6
96. Qc8+ Ke7 97. Qc7+ Ke6 98. Qc8+ Ke7 99. Qc7+ Ke6 1/2-1/2

[Event "III Dolnoslaska Liga Szachowa 2017/2018"]
[Site "Dolny Slask"]
[Date "1899-12-30"]
[Round "4.30"]
[White "Wasala, Wiktoria"]
[Black "Karykowska, Anna"]
[Result "0-1"]
[WhiteTitle "I"]
[BlackTitle "I++"]
[WhiteElo "1512"]
[BlackElo "1927"]

1. e4 c5 2. Nc3 a6 3. f4 b5 4. Nf3 Bb7 5. d3 e6 6. b3 d5 7. e5 Nh6 8. Be2 Be7 9.
O-O Nc6 10. Bd2 Qc7 11. Nb1 f6 12. Re1 Nf7 13. c3 O-O 14. d4 cxd4 15. cxd4 Qb6
16. Be3 fxe5 17. fxe5 Nfxe5 18. Nxe5 Nxe5 19. Kh1 Ng6 20. Nd2 e5 21. Nf3 e4 22.
Ng5 Nf4 23. Bxf4 Rxf4 24. Nh3 Rf7 25. Qd2 Bc8 26. Ng5 Rf8 27. Rf1 Bf6 28. Rad1
h6 29. Nh3 Bxh3 30. gxh3 Bg5 31. Qb4 Rxf1+ 32. Rxf1 Bf6 33. Rd1 Rc8 34. Bg4 Rc2
35. a4 Qc7 36. Be6+ Kh7 37. Rd2 Qf4 0-1

[Event "III Dolnoslaska Liga Szachowa 2017/2018"]
[Site "Dolny Slask"]
[Date "1899-12-30"]
[Round "5.1"]
[White "Komendecki, Jacek"]
[Black "Sernecki, Franciszek"]
[Result "1/2-1/2"]
[WhiteTitle "I++"]
[BlackTitle "I+"]
[WhiteElo "2111"]
[BlackElo "2109"]

1. d4 d5 2. Nf3 e6 3. c4 Nf6 4. e3 c5 5. Nc3 Nc6 6. cxd5 exd5 7. Be2 Bd6 8. O-O
O-O 9. Nb5 Ne4 10. b3 cxd4 11. Nxd6 Qxd6 12. Nxd4 Nc3 13. Nb5 Nxb5 14. Bxb5 Bf5
15. Bb2 a6 16. Bxc6 bxc6 17. Qd4 Qg6 18. Rac1 Rac8 19. Rc5 Rfe8 20. Rfc1 Be4 21.
f3 Bxf3 22. Qxg7+ Qxg7 23. Bxg7 Kxg7 24. gxf3 Rxe3 25. Kf2 Rce8 26. R1c2 d4 27.
Rg5+ Kf8 28. Rxc6 Re2+ 29. Kg3 Rxa2 30. Rd5 Ra3 31. Rxd4 Rxb3 32. Rxa6 Re6 1/2-1/2

[Event "III Dolnoslaska Liga Szachowa 2017/2018"]
[Site "Dolny Slask"]
[Date "1899-12-30"]
[Round "5.2"]
[White "Korpalski, Maciej"]
[Black "Krawiec, Grzegorz"]
[Result "1-0"]
[WhiteTitle "I+"]
[BlackTitle "I"]
[WhiteElo "2037"]
[BlackElo "1714"]

1. e4 c5 2. Nf3 Nc6 3. d4 cxd4 4. Nxd4 e5 5. Nb5 a6 6. Nd6+ Bxd6 7. Qxd6 Qf6 8.
Qa3 Nge7 9. Nc3 Rb8 10. Be3 b5 11. Nd5 Nxd5 12. exd5 Ne7 13. c4 d6 14. Be2 O-O
15. O-O Qg6 16. Rfd1 Bh3 17. Bf1 bxc4 18. Ba7 Rb7 19. Qxh3 Rxa7 20. Bxc4 Qc2 21.
Bd3 1-0

[Event "III Dolnoslaska Liga Szachowa 2017/2018"]
[Site "Dolny Slask"]
[Date "1899-12-30"]
[Round "5.3"]
[White "Lewandowski, Wiktor"]
[Black "Holownia, Michal"]
[Result "1-0"]
[WhiteTitle "II"]
[BlackTitle "I+"]
[WhiteElo "1490"]
[BlackElo "1918"]

1. e4 e5 2. Nf3 Nc6 3. Bc4 Bc5 4. c3 Nf6 5. d4 exd4 6. cxd4 Bb4+ 7. Bd2 Bxd2+ 8.
Nbxd2 d5 9. exd5 Nxd5 10. Qb3 Na5 11. Qa4+ Nc6 12. Ne5 O-O 13. Bxd5 Qxd5 14. Nxc6
bxc6 15. O-O Bh3 16. Nf3 Qe4 17. Qa3 Bf5 18. Rac1 Rfe8 19. Qc5 Qe2 20. Qxf5 1-0

[Event "III Dolnoslaska Liga Szachowa 2017/2018"]
[Site "Dolny Slask"]
[Date "1899-12-30"]
[Round "5.4"]
[White "Wieczorek, Mikolaj"]
[Black "Malecki, Mateusz"]
[Result "1/2-1/2"]
[WhiteTitle "I"]
[BlackTitle "II"]
[WhiteElo "1701"]
[BlackElo "1598"]

1. e4 c5 2. Nf3 e6 3. d4 cxd4 4. Nxd4 Nf6 5. Nc3 Qb6 6. Nb3 Bb4 7. Qe2 Bxc3+ 8.
bxc3 d6 9. f3 O-O 10. Qe3 Qxe3+ 11. Bxe3 d5 12. e5 Nfd7 13. Bd4 Nc6 14. f4 f6
15. exf6 gxf6 16. O-O-O Nb6 17. Bc5 Rd8 18. Bb5 Kf7 19. Bxc6 bxc6 20. Na5 Bd7
21. Nb7 Rdb8 22. Nd6+ Kg7 23. Bd4 Na4 24. c4 c5 25. Ba1 Rb6 26. Ne4 d4 27. Kd2
Bc6 28. Rhe1 Rd8 29. g4 Bxe4 30. Rxe4 Kf7 31. Rde1 Rdd6 32. f5 Ra6 33. fxe6+ Ke7
34. g5 fxg5 35. Rg4 h6 36. h4 Rxe6 37. hxg5 Rxe1 38. Kxe1 hxg5 39. Rxg5 Rb6 40.
Rg7+ Kd8 41. Rxa7 Rb1+ 42. Kd2 Nb6 43. Bxd4 cxd4 44. c5 Nc8 45. Ra4 Kc7 46. Rxd4
Kc6 47. Rd3 Rb5 48. a4 Rxc5 49. Rc3 Nb6 50. Rxc5+ Kxc5 51. a5 Nc4+ 1/2-1/2

[Event "III Dolnoslaska Liga Szachowa 2017/2018"]
[Site "Dolny Slask"]
[Date "1899-12-30"]
[Round "5.5"]
[White "Kossobudzki, Robert"]
[Black "Laszewicz, Pawel"]
[Result "1-0"]
[WhiteTitle "I"]
[BlackTitle "k"]
[WhiteElo "2103"]
[BlackElo "2077"]

1. b4 d5 2. Nf3 Nf6 3. e3 e6 4. a3 a5 5. b5 Nbd7 6. c4 Bd6 7. Bb2 O-O 8. d4 c5
9. Nbd2 b6 10. Ne5 Bb7 11. Bd3 cxd4 12. exd4 Rc8 13. O-O Qe7 14. Re1 Rfd8 15.
f4 dxc4 16. Ndxc4 Bc7 17. Nc6 Bxc6 18. bxc6 Nb8 19. Qf3 Nd5 20. g3 Nxc6 21. Be4
Qd7 22. f5 Nce7 23. fxe6 fxe6 24. Rad1 Nf6 25. Bd3 Qd5 26. Qe2 Kh8 27. Qxe6 Qxe6
28. Rxe6 Ned5 29. Ne5 Re8 30. Rxe8+ Rxe8 31. Rc1 Re7 32. Rc6 g6 33. Bxg6 Bxe5
34. dxe5 Rc7 1-0

[Event "III Dolnoslaska Liga Szachowa 2017/2018"]
[Site "Dolny Slask"]
[Date "1899-12-30"]
[Round "5.6"]
[White "Siembab, Bartosz"]
[Black "Grzesik, Norbert"]
[Result "1-0"]
[WhiteTitle "k++"]
[BlackTitle "I+"]
[WhiteElo "2252"]
[BlackElo "1989"]

1. d4 e6 2. c4 Nf6 3. Nf3 Bb4+ 4. Nbd2 b6 5. g3 Bb7 6. Bg2 O-O 7. O-O Bxd2 8. Bxd2
d6 9. Qc2 Nbd7 10. Rfd1 a5 11. b3 Qe7 12. Bc3 Be4 13. Qb2 c6 14. Rac1 Rfc8 15.
a3 a4 16. b4 b5 17. c5 d5 18. Bd2 Bxf3 19. exf3 h6 20. Re1 Kh7 21. Re2 Re8 22.
Rce1 Nf8 23. Bf4 Nh5 24. Bd6 Qf6 25. Qd2 Ng6 26. f4 Rad8 27. Bf3 Rxd6 28. cxd6
Nhxf4 29. gxf4 Nxf4 30. Re3 1-0

[Event "III Dolnoslaska Liga Szachowa 2017/2018"]
[Site "Dolny Slask"]
[Date "1899-12-30"]
[Round "5.7"]
[White "Krosny, Miroslaw"]
[Black "Szczesniak, Konrad"]
[Result "1/2-1/2"]
[WhiteTitle "I"]
[BlackTitle "k"]
[WhiteElo "1983"]
[BlackElo "2101"]

1. e4 c5 2. Nf3 Nc6 3. d4 cxd4 4. Nxd4 Nf6 5. Nc3 e5 6. Ndb5 d6 7. Nd5 Nxd5 8.
exd5 Nb8 9. c4 Be7 10. Bd3 O-O 11. Be3 f5 12. f3 a6 13. Nc3 Nd7 14. O-O Nc5 15.
Be2 Bg5 16. Bf2 a5 17. a3 a4 18. Bxc5 dxc5 19. Qd3 Qf6 20. Rae1 Bd7 21. Bd1 Qh6
22. g3 e4 23. fxe4 fxe4 24. Rxf8+ Rxf8 25. Nxe4 Bh3 26. Bf3 Bf6 27. Nxc5 Bxb2
28. Ne6 Re8 29. Be4 Kh8 30. Qc2 Qf6 31. Qxa4 Rc8 32. Nf4 Qc3 33. Qb4 Qd4+ 34.
Kh1 Bc3 35. Qb1 Bxe1 36. Qxe1 Re8 37. Nxh3 Rxe4 38. Qf1 Re8 39. Ng5 Ra8 40. Qb1
g6 41. Qxb7 Qd1+ 42. Kg2 Qe2+ 43. Kh3 Qh5+ 44. Kg2 Qe2+ 45. Kh3 Qh5+ 46. Kg2 Qe2+
1/2-1/2

[Event "III Dolnoslaska Liga Szachowa 2017/2018"]
[Site "Dolny Slask"]
[Date "1899-12-30"]
[Round "5.8"]
[White "Majocha, Piotr"]
[Black "Paprocki, Artur"]
[Result "1-0"]
[WhiteTitle "I"]
[BlackTitle "I"]
[WhiteElo "1902"]
[BlackElo "1871"]

1. Nf3 Nf6 2. g3 g6 3. Bg2 Bg7 4. O-O O-O 5. c4 d6 6. Nc3 e5 7. d3 c6 8. Bd2 Nbd7
9. Rc1 Ne8 10. b4 f5 11. e3 Ndf6 12. Qb3 Qe7 13. Ne1 Be6 14. b5 c5 15. Nc2 Rb8
16. f4 Bh6 17. Rcd1 Ng7 18. fxe5 dxe5 19. e4 Bxd2 20. Rxd2 Rbd8 21. Nd5 Nxd5 22.
exd5 Bc8 23. Re2 Qf6 24. Qc3 Rde8 25. Ne1 Re7 26. Nf3 Rfe8 27. Rfe1 f4 28. gxf4
Qxf4 29. Rxe5 Rxe5 30. Rxe5 Rf8 31. Re4 Qf5 32. Qe5 Qf7 33. Qe7 Qf5 34. Qg5 Qf7
35. Re7 Qf4 36. Qxf4 Rxf4 37. Re4 Rf8 38. Ne5 Bf5 39. Re3 Ne8 40. Be4 Bc8 41.
Bf3 Nd6 42. Bg4 Nf5 43. Bxf5 Bxf5 44. Nf3 b6 45. Nd2 Ra8 46. Ne4 a6 47. a4 axb5
48. axb5 Ra1+ 49. Kf2 Rh1 50. Kg2 Rd1 51. Nf2 Rd2 52. Kf3 Kf7 53. Re2 Rxe2 54.
Kxe2 Kf6 55. Ke3 Ke5 56. Ne4 h6 57. Nd2 g5 58. Nf3+ Kd6 59. d4 Bc2 60. Nd2 cxd4+
61. Kxd4 1-0

[Event "III Dolnoslaska Liga Szachowa 2017/2018"]
[Site "Dolny Slask"]
[Date "1899-12-30"]
[Round "5.9"]
[White "Skiba, Aleksandra"]
[Black "Wasala, Wiktoria"]
[Result "1-0"]
[WhiteTitle "I+"]
[BlackTitle "I"]
[WhiteElo "1747"]
[BlackElo "1512"]

1. d4 d5 2. c4 e6 3. Nc3 Nf6 4. Bg5 Be7 5. e3 O-O 6. Nf3 h6 7. Bh4 a6 8. Rc1 dxc4
9. Bxc4 Nbd7 10. O-O b5 11. Bd3 Bb7 12. a3 c5 13. Bb1 Rc8 14. Bg3 b4 15. axb4
cxb4 16. Ne2 Qb6 17. Nd2 Rxc1 18. Nxc1 Qc6 19. f3 Nd5 20. Qe2 a5 21. Bd3 N7b6
22. e4 Nf6 23. Ncb3 a4 24. Rc1 Qd7 25. Bb5 Qd8 26. Bc7 Qa8 27. Bxb6 axb3 28. Nxb3
Qa2 29. Bc4 Qa4 30. Nc5 Qc6 31. Ba7 Ra8 32. Bb5 Qc7 33. Nb3 Qd8 34. Bc5 Ne8 35.
Bxe7 Qxe7 36. Bxe8 Qxe8 37. Qd2 Qb5 38. h3 Rd8 39. Qe3 Qb6 40. Kf2 Bc6 41. d5
Qxe3+ 42. Kxe3 Bb5 43. Nd4 Bd7 44. Nc6 Bxc6 45. dxc6 Kf8 46. c7 Rc8 47. Rc5 Ke7
48. Kd4 Kd6 49. Kc4 b3 50. e5+ Kd7 51. Kxb3 Rxc7 52. Rxc7+ Kxc7 53. Kc4 Kb6 54.
h4 h5 55. g4 g6 56. b4 Kc6 57. g5 Kb6 58. b5 Kb7 59. Kc5 Kc7 60. b6+ 1-0

[Event "III Dolnoslaska Liga Szachowa 2017/2018"]
[Site "Dolny Slask"]
[Date "1899-12-30"]
[Round "5.10"]
[White "Koszkul, Wojciech"]
[Black "Daniel, Damian"]
[Result "1-0"]
[WhiteTitle "I++"]
[BlackTitle "I++"]
[WhiteElo "2035"]
[BlackElo "2094"]

1. d4 Nf6 2. c4 c5 3. d5 b5 4. cxb5 a6 5. bxa6 Bxa6 6. Nc3 g6 7. Nf3 d6 8. e4 Bxf1
9. Kxf1 Nbd7 10. g3 Bg7 11. Kg2 O-O 12. Qe2 Ne8 13. Rd1 Qa5 14. Bg5 Bxc3 15. bxc3
f6 16. Bd2 Nc7 17. a4 Nb6 18. Rdb1 Ra7 19. Bh6 Rfa8 20. c4 Qa6 21. Nd2 Nxa4 22.
Qg4 Qc8 23. Qxc8+ Rxc8 24. f4 Rca8 25. e5 f5 26. Ra3 Ra6 27. Rab3 Rc8 28. g4 fxg4
29. Kg3 Kf7 30. e6+ Ke8 31. f5 gxf5 32. Rf1 Kd8 33. Rxf5 Ra7 34. Rf7 Ne8 35. Kxg4
Rcc7 36. Rbf3 Nb2 37. Rf8 Rc8 38. Rxe8+ 1-0

[Event "III Dolnoslaska Liga Szachowa 2017/2018"]
[Site "Dolny Slask"]
[Date "1899-12-30"]
[Round "5.11"]
[White "Kowalczuk, Wojciech"]
[Black "Kmiecik, Wojciech"]
[Result "1-0"]
[WhiteTitle "k"]
[BlackTitle "I+"]
[WhiteElo "2043"]
[BlackElo "1957"]

1. e4 c5 2. Nf3 d6 3. d4 cxd4 4. Qxd4 Nc6 5. Bb5 Bd7 6. Bxc6 Bxc6 7. c4 Nf6 8.
Nc3 g6 9. O-O Bg7 10. Be3 O-O 11. Qd3 Qc7 12. Rac1 Rac8 13. Nd5 Bxd5 14. exd5
Nd7 15. b3 Qa5 16. Qe2 a6 17. Bd4 Rfe8 18. Bxg7 Kxg7 19. Nd4 Qc5 20. Rcd1 Nf6
21. a4 Qb4 22. Rd3 Nd7 23. Re3 Ne5 24. Re4 Qc3 25. Rd1 f5 26. Re3 Qb4 27. Rxe5
dxe5 28. Qxe5+ Kf7 29. Ne6 Rg8 30. Ng5+ Kf8 31. Qe6 Kg7 32. Qe5+ Kf8 33. d6 Re8
34. Nxh7+ Kf7 35. Ng5+ Kf8 36. d7 Rd8 37. Ne6+ Kf7 38. Nxd8+ Rxd8 39. Qc7 1-0

[Event "III Dolnoslaska Liga Szachowa 2017/2018"]
[Site "Dolny Slask"]
[Date "1899-12-30"]
[Round "5.12"]
[White "Lipien, Wieslaw"]
[Black "Szmyd, Marek"]
[Result "1-0"]
[WhiteTitle "I++"]
[BlackTitle "k"]
[WhiteElo "2036"]
[BlackElo "1940"]

1. e4 b6 2. d4 Bb7 3. Bd3 Nf6 4. f3 Nc6 5. c3 e5 6. d5 Ne7 7. Be3 Ng6 8. Ne2 c6
9. c4 Bd6 10. Nbc3 Qe7 11. Ng3 Nh4 12. Qd2 h6 13. O-O g5 14. a3 Bc5 15. b4 Bxe3+
16. Qxe3 Rc8 17. Rab1 d6 18. dxc6 Bxc6 19. Rfd1 O-O 20. Bf1 Rfd8 21. Rbc1 Bd7
22. Qd2 Be6 23. Nd5 Bxd5 24. cxd5 a5 25. Bb5 axb4 26. axb4 Kh7 27. Qe3 Rxc1 28.
Rxc1 Qa7 29. Qc3 Qa2 30. Qc2 Qa3 31. Qc3 Qa2 32. Ne2 Ra8 33. Bc4 Qa4 34. g3 Ng6
35. Bd3 Kg7 36. Qc4 Qa3 37. Qc3 Qa4 38. Qb2 Qd7 39. Kg2 h5 40. Qd2 g4 41. f4 exf4
42. gxf4 h4 43. f5 h3+ 44. Kh1 Ne5 45. Qg5+ Kh7 46. Qxf6 Nxd3 47. Qh4+ Kg7 48.
Qg5+ Kh7 49. f6 1-0

[Event "III Dolnoslaska Liga Szachowa 2017/2018"]
[Site "Dolny Slask"]
[Date "1899-12-30"]
[Round "5.13"]
[White "Borowski, Przemyslaw"]
[Black "Wilk, Aleksander"]
[Result "0-1"]
[WhiteTitle "I"]
[BlackTitle "III"]
[WhiteElo "1797"]
[BlackElo "1279"]

1. c4 Nf6 2. Nc3 c6 3. e4 d5 4. e5 d4 5. exf6 dxc3 6. bxc3 gxf6 7. d4 e5 8. d5
c5 9. Bd3 f5 10. Ne2 e4 11. Bc2 Nd7 12. Ba4 Bd6 13. Bf4 Qf6 14. Qd2 O-O 15. Bxd7
Bxd7 16. Bg5 Qg6 17. h4 h5 18. Bf4 b5 19. Rh3 Kh7 20. Rg3 Bxf4 21. Nxf4 Qd6 22.
Ne6 f4 23. Qe2 Qe5 24. Nxf8+ Rxf8 25. Rd3 Re8 26. Rd2 bxc4 27. Qxc4 e3 28. Re2
Bb5 29. Qxb5 Qxc3+ 30. Kf1 Qxa1+ 31. Re1 e2+ 0-1

[Event "III Dolnoslaska Liga Szachowa 2017/2018"]
[Site "Dolny Slask"]
[Date "1899-12-30"]
[Round "5.14"]
[White "Kmiecik, Emilia"]
[Black "Dranka, Jowita"]
[Result "1-0"]
[WhiteTitle "I+"]
[BlackTitle "I"]
[WhiteElo "1797"]
[BlackElo "1598"]

1. d4 Nf6 2. c4 e6 3. Nf3 d5 4. Bg5 Be7 5. e3 O-O 6. Nc3 b6 7. Be2 Bb7 8. O-O Nbd7
9. a3 c5 10. Rc1 dxc4 11. Bxc4 Ne4 12. Bxe7 Qxe7 13. dxc5 Nxc3 14. Rxc3 Nxc5 15.
Qe2 Rfd8 16. Rfc1 Qf6 17. b4 Ne4 18. R3c2 Ng5 19. Nxg5 Qxg5 20. f3 Bd5 21. Ba6
Bb3 22. Rc3 Ba4 23. f4 Qf6 24. Rc7 e5 25. fxe5 Qxe5 26. Qf3 Bb3 27. Bb7 Bd5 28.
Bxd5 Qxd5 29. Qxd5 Rxd5 30. Rc8+ Rd8 31. Rxa8 Rxa8 32. Rc7 g6 33. Kf2 a5 34. b5
Rd8 35. Rb7 Rd6 36. Kf3 Kg7 37. Ke4 Kf6 38. Rc7 Ke6 39. h3 f5+ 40. Kf4 h6 41.
h4 Rd2 42. Rc6+ Rd6 43. Rc2 Kd5 44. h5 a4 45. Rd2+ Kc5 46. Rxd6 g5+ 47. Kxf5 Kxd6
48. e4 1-0